Electricidad industrial
Guardado en:
| Autor principal: | |
|---|---|
| Formato: | Libro |
| Lenguaje: | español |
| Publicado: |
Barcelona
Reverté
1958
|
| Materias: | |
| Etiquetas: |
Agregar Etiqueta
Sin Etiquetas, Sea el primero en etiquetar este registro!
|
MARC
| LEADER | 00000nam a2200000 a 4500 | ||
|---|---|---|---|
| 001 | UCU5129 | ||
| 003 | CL-VaPUC | ||
| 008 | 960531e19580000SP |||||||||||||||||spa|d | ||
| 082 | 0 | 4 | |a 621.3 |b DAW |2 21 |
| 100 | 0 | |a Dawes, Chester Laurens |e author |9 362974 | |
| 245 | 1 | 0 | |a Electricidad industrial |
| 300 | |a 2 v | ||
| 942 | |c BK | ||
| 945 | |d 19960531 00:00:00 |a cmena | ||
| 260 | |a Barcelona |b Reverté |c 1958 | ||
| 500 | |a v.1: Corriente continua | ||
| 650 | 7 | |a INDUSTRIA ELECTRONICA |2 CL-VaPUC |9 339666 | |
| 650 | 7 | |a CORRIENTES CONTINUAS |2 CL-VaPUC |9 324433 | |
| 650 | 0 | |a Corrientes eléctricas |9 354960 | |
| 650 | 7 | |a CORRIENTES ALTERNAS |2 CL-VaPUC |9 263344 | |
| 650 | 0 | |a Electricidad |9 260222 | |
| 583 | |a last modification |c 19960531 00:00:00 |k Rodrigo Vera | ||
| 999 | |c 248592 |d 248590 | ||